000 00693nam a2200229 a 4500
999 _c11338
_d11338
001 11338
003 BD-JhCC
005 20190826130531.0
008 190626s20072010bg |||| ||a| 000 0 ben d
020 _a9848322329
035 _a(BD-JhCC)11338
040 _aBD-JhCC
_dBD-JhCC
041 _aben
082 _a780.88294
_bLAL 2010
245 _aলালন সমগ্র /
_cসম্পাদনা: আবদেল মাননান ।
260 _aঢাকা:
_bনালন্দা;
_c২০১০.
300 _a৯৭৬ পৃ. :
_c২২ সেমি.
650 _aMusic
700 _aমাননান, আবদেল
942 _2ddc
_cBK